Milagros de nuestra señora /

Guardado en:
Autor Principal: Berceo, Gonzalo de
Formato: Libro
Publicado: Argentina : Espasa Calpe, 1947
Edición:2a. ed.
Materias:
Etiquetas: Agregar Etiqueta
Sin Etiquetas, Sea el primero en etiquetar este registro!
LEADER 00836nam a22002415a 4500
001 CEM.cems000997
005 20060213000000.0
008 130507s1947##################000#0#####d
003 CEMS
082 0 4 |a 861.1 
100 1 |a Berceo, Gonzalo de 
245 1 0 |a Milagros de nuestra señora / 
250 |a 2a. ed. 
260 |a Argentina :  |b Espasa Calpe,  |c 1947 
300 |a 148 p. 
653 |a Literatura 
653 |a Literatura espaÑola 
653 |a Mester de clerecia 
859 |a CEMS  |b BIB. CEMS - 11 de abril  |h 861.1  |i B45-1a2  |p 40000.99  |t Ej.5 
859 |a CEMS  |b BIB. CEMS - 11 de abril  |h 861.1  |i B45-1a2  |p 4503.75  |t Ej.1 
859 |a CEMS  |b BIB. CEMS - 11 de abril  |h 861.1  |i B45-1a2  |p 4504.75  |t Ej.2 
859 |a CEMS  |b BIB. CEMS - 11 de abril  |h 861.1  |i B45-1a2  |p 4505.75  |t Ej.3 
859 |a CEMS  |b BIB. CEMS - 11 de abril  |h 861.1  |i B45-1a2  |p 4506.75  |t Ej.4